000 01613nam a2200301 a 4500
001 1164
005 20230908143709.0
020 _a033500712005
040 _aDLC
_cDLC
_beng
050 0 0 _aPZ7.S327
_bMq 1993
082 0 0 _aFic
_220
100 1 _aScarry, Richard.
245 1 0 _aRichard Scarry's Mr. Frumble's coffee shop disaster.
260 _aRacine, Wis. :
_bWestern Publishing Company, Inc.,
_c1993.
300 _a23 unnumbered pages :
_bcolor illustrations ;
_c21 cm
490 0 _aA Little golden book
500 _a"A Golden book, New York."
505 _aF
520 _aThis is the fascinating story of the French regime in Canada. Few periods in the history of North America can equal it for romance and color, drama and suspense, great human courage and far-seeing aspiration. Costain, who writes history in the terms of the people who lived it, wrote of this book: "Almost from the first I found myself caught in the spell of these courageous, colorful, cruel days. But whenever I found myself guilty of overstressing the romantic side of the picture and forgetful of the more prosaic life beneath, I tried to balance the scales more properly. [This] is . . . a conscientious effort at a balanced picture of a period which was brave, bizarre, fanatical, lyrical, lusty, and, in fact, rather completely unbalanced."
521 _a300
_bLexile
521 _aF
_bRaz-Plus
650 1 _aPigs
_xFiction.
650 1 _aAccidents
_xFiction.
650 1 _aAnimals
_xFiction.
650 1 _aHumorous stories.
906 _a7
_bcbc
_corignew
_d2
_eopcn
_f19
_gy-gencatlg
942 _2ddc
_cBK
_n0
999 _c1164
_d1164